Il matrimonio canonico nell'ordine della natura e della grazia: commento al Codice di Diritto Canonico, Libro IV, parte I, titolo VII
Enregistré dans:
| Auteur principal: | |
|---|---|
| Format: | Livre |
| Langue: | italien |
| Publié: |
Roma
Urbaniana University Press
2006
|
| Édition: | 2a. ed |
| Collection: | Manuali Diritto, 16
|
| Sujets: | |
| Tags: |
Ajouter un tag
Pas de tags, Soyez le premier à ajouter un tag!
|
MARC
| LEADER | 00000cam a2200000 a 4500 | ||
|---|---|---|---|
| 001 | UCG8815 | ||
| 003 | CL-VaPUC | ||
| 008 | 120106e20060000IT |||||||||||||||||ita|d | ||
| 020 | |a 8840170235 | ||
| 082 | 0 | 4 | |a 262.933 |b SAB |2 21 |
| 100 | 0 | |a Sabbarese, Luigi |e author |9 560000 | |
| 245 | 1 | 3 | |a Il matrimonio canonico nell'ordine della natura e della grazia: commento al Codice di Diritto Canonico, Libro IV, parte I, titolo VII |
| 250 | |a 2a. ed | ||
| 300 | |a 571 p | ||
| 942 | |c BK | ||
| 945 | |d 20120106 00:00:00 |a cmena | ||
| 260 | |a Roma |b Urbaniana University Press |c 2006 | ||
| 650 | 7 | |a DERECHO CANONICO |2 CL-VaPUC |9 560001 | |
| 650 | 7 | |a MATRIMONIO |2 CL-VaPUC |9 560002 | |
| 650 | 0 | |a Sacramentos |9 257270 | |
| 583 | |a last modification |c 20120106 11:45:00 |k Rodrigo Vera | ||
| 490 | 0 | |a Manuali Diritto, 16 | |
| 999 | |c 346403 |d 346401 | ||
| 952 | |0 0 |1 0 |4 0 |6 262_933000000000000_SAB_2006 |7 0 |8 A |9 447086 |a BIBDER |b BIBDER |d 2019-11-22 |i 4817257 |o 262.933 SAB 2006 |p 4817257 |r 2023-01-25 |w 2019-11-22 |y BK |k DER | ||